Vista normal Vista MARC

Entrada Personal Name

Número de registros utilizados en: 1

001 - CONTROL NUMBER

  • control field: 42340

003 - CONTROL NUMBER IDENTIFIER

  • control field: OSt

005 - DATE AND TIME OF LATEST TRANSACTION

  • control field: 20240926150518.0

008 - FIXED-LENGTH DATA ELEMENTS

  • fixed length control field: 240926|| aca||aabn | a|a d

040 ## - CATALOGING SOURCE

  • Original cataloging agency: OSt
  • Transcribing agency: OSt

100 ## - HEADING--PERSONAL NAME

  • Personal name: Tovar Pinzón, Hermes,
  • Dates associated with a name: 1941-

670 ## - SOURCE DATA FOUND

  • Source citation: Work cat.: (OSt)38333: Tovar Pinzón, Hermes, 1941-, Que nos tengan en cuenta :









Instituto Departamental de Cultura del Meta - Red Departamental de Bibliotecas Públicas del Meta.